Πως παρουσιάστηκαν από τον ελληνικό τύπο ο πόλεμος στο Αφγανιστάν και ο πόλεμος στο Ιράκ : διπλωματική εργασία [πτυχιακή εργασία]
Αποθηκεύτηκε σε:
| Κύριος συγγραφέας: | |
|---|---|
| Συγγραφή απο Οργανισμό/Αρχή: | |
| Άλλοι συγγραφείς: | |
| Μορφή: | Thesis Βιβλίο |
| Γλώσσα: | Greek |
| Δημοσίευση: |
2009
|
| Θέματα: | |
| Διαθέσιμο Online: | http://hdl.handle.net/11610/8227 |
| Ετικέτες: |
Προσθήκη ετικέτας
Δεν υπάρχουν, Καταχωρήστε ετικέτα πρώτοι!
|
MARC
| LEADER | 00000cam a2200000 i 4500 | ||
|---|---|---|---|
| 001 | 1/17500 | ||
| 008 | 120201s2009 gre d | ||
| 035 | |l 10111739 | ||
| 040 | |a GR-MY-UA |b gre |e aacr | ||
| 041 | 0 | |a gre | |
| 082 | 0 | |a 302.23 |2 (22) | |
| 100 | 1 | |a Μαρκοπούλου, Αναστασία. | |
| 245 | 1 | 0 | |a Πως παρουσιάστηκαν από τον ελληνικό τύπο ο πόλεμος στο Αφγανιστάν και ο πόλεμος στο Ιράκ : |b διπλωματική εργασία [πτυχιακή εργασία] / |c Μαρκοπούλου Αναστασία ; επιβλέπων: Ιωάννης Σακκάς |
| 260 | |c 2009 | ||
| 300 | |a 109 σ.; |c 30 εκ. | ||
| 502 | |a Πτυχιακή εργασία – Πανεπιστήμιο Αιγαίου, Ρόδος, 2009. | ||
| 504 | |a Βιβλιογραφία: σ. 109 | ||
| 650 | 0 | 0 | |a Newspapers |x Sections, columns, etc. |x Terrorism. |
| 650 | 0 | 0 | |a War in mass media. |
| 650 | 0 | 0 | |a Dissertations, Academic |z Greece. |
| 650 | 0 | |a Iraq War, 2003-2011. | |
| 650 | 0 | |a Afghan War, 2001-2021. | |
| 700 | 1 | |4 ths |a Σακκάς, Γιάννης Δ. | |
| 710 | 2 | |a Πανεπιστήμιο Αιγαίου |b Σχολή Ανθρωπιστικών Επιστημών |b Τμήμα Μεσογειακών Σπουδών . | |
| 852 | |a INST |b RHODES |c DIATR |e 20120201 |h 302.23 ΜΑΡ |p 005400033958 |q 005400033958 |t DIE |y 23 | ||
| 852 | |a INST |b RHODES |c DIATR |e 20120201 |h 302.23 ΜΑΡ |p 005400033959 |q 005400033959 |t DIE |y 23 | ||
| 856 | |u http://hdl.handle.net/11610/8227 | ||
| 901 | |a BIBL4-2012-1 | ||
| 924 | |a ΜΑΡΚΟΠΟΥΛΟΥ |b ΑΝΑΣΤΑΣΙΑ |y ΡΟΔΟΣ |z 2009-02 | ||
| 970 | |z 2012/02/01 | ||